Los desafíos del estado protector /
El autor esboza las características de un Estado protector o de un Estado Social a partir de la manera en que se construyó en Francia y de la manera en que logró dominar y manejar los principales riesgos de disociación social, imponiendo las condiciones de realización de una seguridad social general...
Uloženo v:
| Hlavní autor: | |
|---|---|
| Médium: | Text |
| Témata: | |
| Tagy: |
Přidat tag
Žádné tagy, Buďte první, kdo vytvoří štítek k tomuto záznamu!
|
MARC
| LEADER | 00000 a a2200000 04500 | ||
|---|---|---|---|
| 001 | 40943 | ||
| 003 | |||
| 040 | |||
| 100 | |a Castel, Robert | ||
| 245 | |a Los desafíos del estado protector / |c Robert Castel | ||
| 520 | |a El autor esboza las características de un Estado protector o de un Estado Social a partir de la manera en que se construyó en Francia y de la manera en que logró dominar y manejar los principales riesgos de disociación social, imponiendo las condiciones de realización de una seguridad social generalizada. Luego se trata el por qué esta construcción es hoy cuestionada a través del debilitamiento del marco nacional en el cual se había edificado. | ||
| 590 | |a RRA/JULIO2011 | ||
| 650 | |a 1.ESTADO | ||
| 650 | |a 2.SEGURIDAD SOCIAL | ||
| 650 | |a 3.ECONOMIA | ||
| 650 | |a 4.DESIGUALDAD ECONOMICA | ||
| 650 | |a 5.INTERVENCION DEL ESTADO | ||
| 650 | |a 6.POLITICA SOCIAL | ||
| 650 | |a 7.FRANCIA | ||
| 650 | |a 8.EUROPA | ||
| 773 | |g páginas 49-68 | ||
| 999 | |c 29843 |d 29843 | ||
